Kde budeme bydlet zítra? Alarmující pokles bytové výstavby.
Súčasná hospodárska politika v systéme komplexnej bytovej výstavby nepokračuje a iné stimuly pre rozvoj bytovej výstavby zatiaľ nepozná. Útlm bytovej výstavby. Cenový index stavebných prác vzrástol v dôsledku cenovej liberalizácie v r. 1991 oproti r. 1990 na 150,0. Krátenie dotácií na komplexnú i in...
Uložené v:
| Hlavný autor: | |
|---|---|
| Ďalší autori: | |
| Médium: | Kapitola |
| Jazyk: | Czech |
| Predmet: | |
| Tagy: |
Žiadne tagy, Buďte prvý, kto otaguje tento záznam!
|
MARC
| LEADER | 00000naa a2200000 4500 | ||
|---|---|---|---|
| 001 | r006991 | ||
| 005 | 20220831090156.8 | ||
| 041 | 0 | |a cze | |
| 044 | |a [CS] | ||
| 245 | 1 | 0 | |a Kde budeme bydlet zítra? |b Alarmující pokles bytové výstavby. |c J. Vlášek, N. Hrindová |
| 520 | |a Súčasná hospodárska politika v systéme komplexnej bytovej výstavby nepokračuje a iné stimuly pre rozvoj bytovej výstavby zatiaľ nepozná. Útlm bytovej výstavby. Cenový index stavebných prác vzrástol v dôsledku cenovej liberalizácie v r. 1991 oproti r. 1990 na 150,0. Krátenie dotácií na komplexnú i individuálnu bytovú výstavbu. Zvyšuje sa počet rozostavaných bytov. Legislatívne opatrenia smerujúce k hľadaniu východísk. | ||
| 610 | 2 | 0 | |a výstavba bytová |
| 610 | 2 | 0 | |a ČSFR |
| 610 | 2 | 0 | |a 1990-1991 |
| 610 | 2 | 0 | |a ceny |
| 610 | 2 | 0 | |a dotácie |
| 610 | 2 | 0 | |a legislatíva |
| 100 | 1 | |a Vlášek, J. | |
| 700 | 1 | |a Hrindová, N. | |